000
00250nam a2200085Ia 4500
008
170620s9999 xx 000 0 und d
100
_a
Mishra- Brundaban Chandra
245
0
_a
Personality Patterns and Academic Achievement
260
_b
New Delhi- Sonali Publication
260
_c
2004
999
_c
24496
_d
24496